5 Vital Organs - Statistics

General Stats
  • This quiz has been taken 66 times
  • The average score is 5 of 5
Answer Stats
Hint Answer % Correct
H---- Heart
100%
B---- Brain
97%
L---- Liver
97%
L---- Lungs
93%
K----- Kidney
92%
No matching quizzes found
Score Distribution
Percent of People with Each Score
Percentile by Number Answered
Your Score History
You have not taken this quiz